000 00577nam a22002297a 4500
003 UA-OsUOA
001 93550
007 ta
008 20130122b un ||||| |||| 00| 0 ukr d
100 _aБачелис Т.
090 _a82.09(420)
_bБ32
942 _cBK
040 _aUA-OsUOA
_brus
_cUA-OsUOA
_dUA-OsUOA
245 _aШекспир и Крэг
300 _a350 с.
955 _a3
041 _arus
080 _a82.09(420)
260 _aМ.
_bНаука
_c1983
650 7 _a82 Література. Літературознавство
_2UDC
999 _c379809
_d379809